000 00503nam a2200181 i 4500
001 14459
003 ES-MaACL
005 20230906150822.0
007 t|
008 990318n1950 xxk ||||1| eng d
080 _a908.450
100 1 _aGraves, Charles.
_959778
245 1 0 _aItaly revisited /
_cby Charles Graves.
260 _aLondon [etc.] :
_bHutchinson,
_c[195?]
300 _a195 p., [20] h. lám. ;
_c21 cm.
651 _aItalia-
_xDescripción.
_98861
852 _aES-MaACL
_jF-5019
_bR.124517
999 _c14459
_d14459